000 00299nam a22001337a 4500
008 210507b ||||| |||| 00| 0 eng d
041 _aeng
080 _a336
082 _a336
100 _a57
101 _aFIN
245 _aThe Strategy of Corporate Financing
_cHutchison,G.S
942 _2udc
_cBK
999 _c57109
_d57109